| 000 | 00740nam a2200229 a 4500 | ||
|---|---|---|---|
| 001 | 000013945 | ||
| 005 | 20240530073917.0 | ||
| 008 | 091202s2004 dr 000 f spa d | ||
| 020 | _z9993432023 | ||
| 040 |
_aDO-SdBNP _bspa _cBNPHU |
||
| 082 |
_aRD863.44 _bU75b |
||
| 100 | 1 |
_aUreña, Arturo Emilio _931601 |
|
| 245 | 1 | 3 |
_aEl brazo / _cArturo Emilio Ureña ; prólogo Aulio Ortiz. |
| 260 |
_aSanto Domingo : _bArgos, _c2004. |
||
| 300 |
_a205 p. ; _c22 cm. |
||
| 500 | _aIncluye datos biográficos del autor en las solapas. | ||
| 590 | _aInventariado, 2020 /LP | ||
| 650 | 0 |
_aNovela dominicana _9223 |
|
| 650 | 0 |
_aLiteratura dominicana. _967 |
|
| 700 | 1 |
_aOrtiz, Aulio, _epról. _928506 |
|
| 910 | _aValidado. Control de calidad MMOLINA | ||
| 999 |
_c13550 _d13550 |
||